LEADER 01308oam 2200421zu 450 001 996206613803316 005 20210807003622.0 010 $a1-5090-6818-X 010 $a1-4244-4734-8 035 $a(CKB)2400000000002786 035 $a(SSID)ssj0000558445 035 $a(PQKBManifestationID)12201382 035 $a(PQKBTitleCode)TC0000558445 035 $a(PQKBWorkID)10558859 035 $a(PQKB)11645699 035 $a(NjHacI)992400000000002786 035 $a(EXLCZ)992400000000002786 100 $a20160829d2009 uy 101 0 $aeng 135 $aur||||||||||| 181 $ctxt 182 $cc 183 $acr 200 10$a2009 Integrated Communications, Navigation and Surveillance Conference 210 31$a[Place of publication not identified]$cI E E E$d2009 215 $a1 online resource (58 pages) 300 $aBibliographic Level Mode of Issuance: Monograph 311 $a1-4244-4733-X 320 $aIncludes bibliographical references and index. 606 $aNavigation (Aeronautics)$vCongresses 615 0$aNavigation (Aeronautics) 676 $a629.045 702 $aIEEE Staff 801 0$bPQKB 906 $aPROCEEDING 912 $a996206613803316 996 $a2009 Integrated Communications, Navigation and Surveillance Conference$92540789 997 $aUNISA LEADER 02568nam 2200421z- 450 001 9910567776903321 005 20220513 024 7 $a10.17875/gup2022-1956 035 $a(CKB)5850000000025512 035 $a(oapen)https://directory.doabooks.org/handle/20.500.12854/81568 035 $a(oapen)doab81568 035 $a(EXLCZ)995850000000025512 100 $a20202205d2022 |y 0 101 0 $aeng 135 $aurmn|---annan 181 $ctxt$2rdacontent 182 $cc$2rdamedia 183 $acr$2rdacarrier 200 00$aJune 1967 in personal stories of Palestinians and Israelis /$fRegina F. Bendix, Aziz Haidar, Hagar Salamon (eds.) 210 $cUniversita?tsverlag Go?ttingen$d2022 215 $a1 online resource 311 08$a3-86395-529-3 330 $aThe clash of June 1967, called by Israelis the Six-Day War and by Palestinians the Naksa (setback), is a critical milestone within the longstanding Israeli- Palestinian conflict. Despite all the scholarly attention ever since, there remain unheard voices and untold stories. It is the personal stories of people in the region that are at the center of this book. How do they remember 1967? How were their lives affected, even changed dramatically as a result of that short war? Listening to their stories as told some 50 years later, an incomplete tapestry of memories and understandings emerge. This book is the product of a re- search collaboration among Palestinian, Israeli and European folklorists, cultural anthropologists and sociologists. The personal stories were collected in the framework of interviews with men and women from all walks of life, on the days before, during and after this dramatic confrontation. The book is comprised of eleven chapters based on a corpus of several hundred conversations, as well as eight representative interviews. Together they afford insight into differential memories and sensations, visions of euphoria and despair, newly revived hopes, pain and disappointment, disillusionment and repentance. 606 $aSociety & social sciences$2bicssc 607 $aPalestine$xHistory$y20th century 607 $aIsrael$xHistory$y1967-1993 610 $aconflict 610 $aNaksa 610 $aSix-Day War 615 7$aSociety & social sciences 676 $a900 702 $aBendix$b Regina 702 $aHaidar$b Aziz 702 $aSalamon$b Hagar 906 $aBOOK 912 $a9910567776903321 996 $aJune 1967 in Personal Stories of Palestinians and Israelis$92836123 997 $aUNINA